Dictamen que presenta á la ponencia de la Comisión encargada de estudiar la modificación del impuesto de consumos sobre los vinos / (Record no. 164487)

MARC details
000 -LEADER
campo de control de longitud fija 00805nam a2200181 i 4500
001 - NÚMERO DE CONTROL
campo de control 164487
003 - IDENTIFICADOR DE NÚMERO DE CONTROL
campo de control ES-MaACL
005 - FECHA Y HORA DE LA ÚLTIMA TRANSACCIÓN
campo de control 20250826043915.0
008 - DATOS DE LONGITUD FIJA--INFORMACIÓN GENERAL
campo de control de longitud fija 990310s1893 sp |||| | spa d
040 ## - FUENTE DE CATALOGACIÓN
Centro catalogador/agencia de origen CCPB | B
Lengua de catalogación spa
Centro/agencia transcriptor CCPB | B
100 1# - ENTRADA PRINCIPAL--NOMBRE DE PERSONA
Nombre de persona Salvador y Rodrigáñez, Amós,
Fechas asociadas al nombre 1845-1922
9 (RLIN) 102102
245 10 - MENCIÓN DEL TÍTULO
Título Dictamen que presenta á la ponencia de la Comisión encargada de estudiar la modificación del impuesto de consumos sobre los vinos /
Mención de responsabilidad, etc. Amós Salvador.
260 ## - PUBLICACIÓN, DISTRIBUCIÓN, ETC.
Lugar de publicación, distribución, etc. Madrid :
Nombre del editor, distribuidor, etc. [s.n.],
Fecha de publicación, distribución, etc. 1893 (
Fabricante Imprenta de Fernando Cao y Domingo de Val)
300 ## - DESCRIPCIÓN FÍSICA
Extensión 72 p., [1] h. pleg. ;
Dimensiones 26 cm.
650 #4 - PUNTO DE ACCESO ADICIONAL DE MATERIA--TÉRMINO DE MATERIA
Término de materia o nombre geográfico como elemento de entrada Impuestos-
Subdivisión geográfica España
9 (RLIN) 13634
852 ## - LOCALIZACIÓN
Ubicación ES-MaACL
Número de control de estantería T-1277-F-6
Nota libre -- Enc. hol. conservando la cub. original
-- -- Enc. en un vol. facticio
-- .- Donat. Bosch
Holdings
Estatus retirado Estado de pérdida Estado de daño No para préstamo Colección Biblioteca de origen Biblioteca actual Ubicación en estantería Fecha de adquisición Total de préstamos Signatura topográfica completa Código de barras Visto por última vez Precio de reemplazo Tipo de ítem Koha
        Colección de folletos Biblioteca del Ateneo de Madrid Biblioteca del Ateneo de Madrid Depósito folletos 17/01/2008   T-1277-F-6 1172420 23/02/2023 23/02/2023 Folleto